The Hindu Religious Tradition : (Record no. 1714952)

MARC details
000 -LEADER
fixed length control field 00553 a2200193 4500
005 - DATE AND TIME OF LATEST TRANSACTION
control field 20260408101555.0
008 - FIXED-LENGTH DATA ELEMENTS--GENERAL INFORMATION
fixed length control field 260408b |||||||| |||| 00| 0 eng d
020 ## - INTERNATIONAL STANDARD BOOK NUMBER
International Standard Book Number 9781032744728
040 ## - CATALOGING SOURCE
Transcribing agency SDCL
041 ## - LANGUAGE CODE
Source of code eng
Language code of text/sound track or separate title eng
084 ## - COLON CLASSIFICATION NUMBER
Classification number Q2v R5
100 ## - MAIN ENTRY--PERSONAL NAME
Personal name Hopkins, Thomas J.
245 ## - TITLE STATEMENT
Title The Hindu Religious Tradition :
Remainder of title A New Historical, Anthropological, and Philological Approach
250 ## - EDITION STATEMENT
Edition statement 2nd
260 ## - PUBLICATION, DISTRIBUTION, ETC.
Place of publication, distribution, etc. London :
Name of publisher, distributor, etc. Routledge,
Date of publication, distribution, etc. 2026.
300 ## - PHYSICAL DESCRIPTION
Extent xii, 390p.
700 ## - ADDED ENTRY--PERSONAL NAME
Personal name Schweig, Graham M.
942 ## - ADDED ENTRY ELEMENTS (KOHA)
Koha item type Textual
Source of classification or shelving scheme Colon Classification (CC)
100 ## - MAIN ENTRY--PERSONAL NAME
-- 848707
700 ## - ADDED ENTRY--PERSONAL NAME
-- 852723
999 ## -
-- 1714952
-- 1714952
Holdings
Withdrawn status Lost status Source of classification or shelving scheme Damaged status Not for loan Home library Current library Date acquired Source of acquisition Cost, normal purchase price Inventory number Total checkouts Full call number Barcode Date last seen Cost, replacement price Price effective from Koha item type
    Colon Classification (CC)     South Campus Library South Campus Library 2026-03-09 4 4070.97 206 & 29/01/2026   Q2v R5 SC1809628 2026-03-09 5088.72 2026-03-09 Textual
Copyright @ Delhi University Library System